00689nam a22002177a 450000500170000001000150001702000260003203500130005803700130007108200120008410000230009624501140011925000060023326000380023927000590027730000280033650000400036470000230040470000270042770000170045420140224123802.0 aENG-109374 a9789381075470c350.00 aEN-92907 bDBAD/PUB a621.381 aSubramanyam, P. S. aBasic electrical and electronics engineering /cby P. S. Subramanyam, Bhupendra Singh KIrar [and] Seema Kirar a  aHyderabadbBS Publications c2011 a4-4-309, Giriraj Lane, Sultan BazarbHyderabade500095 axxvii,560p. c24cm(pbk) aIncludes bibliographical references dSubramanyam, P. S. dKirar, Bhupendra Singh dKirar, Seema